000 00555nam a2200217Ia 4500
005 20250425161826.0
008 250425s9999 xx 000 0 und d
020 _a9978860622
041 _aspa
082 _a341.02636
245 0 _aLEY DE CHEQUES, REGLAMENTO
250 _aS.E.
260 _aEcuador
_bCORPORACION DE ESTUDIOS Y PUBLICACIONES
_c1997
260 _aS.L.
300 _a59
500 _av. 7-5 actualizada a julio de 1997
650 _aLEY DE CHEQUES
650 _aREGLAMENTOS DE HIDROCARBUROS
942 _c01
010 _a31210
999 _c216872
_d216872